000 02307cam a2200169 4500500
005 20251228073717.0
041 _afre
042 _adc
100 1 0 _aBrixhe, Claude
_eauthor
245 0 0 _aLa Revue Archéologique donne, dans chacun de ses numéros, la liste des ouvrages reçus, mais elle ne peut s’engager à rendre compte que des ouvrages qu’elle aurait elle-même demandés. / Dusinberre Elspeth R. M., Gordion Seals and Sealings : Individuals and Society (Gordion Special Studies, III, University Museum Monograph, 124), Philadelphie, University of Pennsylvania Museum of Archaeology and Anthropology, 2005, 1 vol. 22 × 28,5, XVI + 180 p., fig. 1-124 ds t., et fig. 125-237 sur CD-Rom.
260 _c2007.
500 _a78
520 _aL’étude récente des collections lapidaires d’Autun, en Saône-et-Loire, a permis de mettre en évidence un ensemble de fragments de vasques à deux pieds en dalle rectangulaire. Ces vasques correspondent à un modèle qui reste jusqu’à présent méconnu en Gaule, alors qu’il est connu en Grèce et dans le monde romain, mais sans avoir encore bénéficié d’une étude exhaustive. Retrouvé en contexte public (thermes) ou privé ( domus, villa), ce type de mobilier, souvent taillé dans des matériaux luxueux, répondait à des principes de positionnement et de fonctionnement encore observables dans les exemplaires, remarquablement conservés, des demeures pompéiennes.
520 _aRectangular slab basins in the Autun collections (Saône-et-Loire). An unrecognised type of stone furniture. Recent study of the stone collections of Autun, in Saône-et-Loire, yields fragmentary evidence for two-footed stone basins standing on rectangular slab. These basins correspond to a model so far unknown in Gaul, but known in the Greek and Roman worlds. It has never been carefully studied. This type of furniture, found in public contexts (baths) or private (house or villa), and often worked in precious materials, corresponds with the principles of placing and function still to be observed in well preserved examples in Pompeian houses.
786 0 _nRevue archéologique | 44 | 2 | 2007-12-01 | p. 319a-438a | 0035-0737
856 4 1 _uhttps://shs.cairn.info/revue-archeologique-2007-2-page-319a?lang=fr&redirect-ssocas=7080
999 _c1595803
_d1595803